Ciudad Constitución : (Registro nro. 5083)
[ vista simple ]
| 000 -LEADER | |
|---|---|
| fixed length control field | 01942nam a22002897a 4500 |
| 003 - CONTROL NUMBER IDENTIFIER | |
| control field | PE SENCICO BE |
| 005 - DATE AND TIME OF LATEST TRANSACTION | |
| control field | 20251020182711.0 |
| 008 - FIXED-LENGTH DATA ELEMENTS--GENERAL INFORMATION | |
| fixed length control field | 250129b |||||||| |||| 00| 0 eng d |
| 020 ## - INTERNATIONAL STANDARD BOOK NUMBER | |
| International Standard Book Number | 978-612-5087-13-3 |
| 040 ## - CATALOGING SOURCE | |
| Original cataloging agency | PE SENCICO BE |
| Transcribing agency | PE SENCICO BE |
| 041 ## - LANGUAGE CODE | |
| Language code of text/sound track or separate title | spa |
| 082 ## - DEWEY DECIMAL CLASSIFICATION NUMBER | |
| Classification number | 711.4098523 |
| Item number | C13 |
| 100 1# - MAIN ENTRY--PERSONAL NAME | |
| 9 (RLIN) | 2903 |
| Personal name | Chacón Málaga, Carlos |
| Relator term | autor |
| 245 1# - TITLE STATEMENT | |
| Title | Ciudad Constitución : |
| Remainder of title | el sueño de Belaúnde / |
| Statement of responsibility, etc. | Carlos Chacón Málaga |
| 250 ## - EDITION STATEMENT | |
| Edition statement | 1a ed. |
| 260 ## - PUBLICATION, DISTRIBUTION, ETC. | |
| Place of publication, distribution, etc. | Lima : |
| Name of publisher, distributor, etc. | Universidad San Ignacio de Loyola ; |
| Date of publication, distribution, etc. | 2023 |
| 300 ## - PHYSICAL DESCRIPTION | |
| Extent | [15], 190 páginas : |
| Other physical details | ilustraciones a color, láminas ; |
| Dimensions | 21 cm. |
| 505 0# - FORMATTED CONTENTS NOTE | |
| Formatted contents note | Carretera Marginal de la Selva -- Ciudad Constitución: la propuesta urbanística -- Los primeros viajes -- La fundación -- El núcleo generador y la habilitación urbana -- Los módulos de vivienda experimentales -- El plan de desarrollo urbano 2005-2015 -- Caracterización urbana actual -- Servicios públicos y equipamiento -- El impacto de Constitución en el ordenamiento territorial -- Ciudad constitución hoy -- Aportes para el mejoramiento urbano |
| 520 3# - SUMMARY, ETC. | |
| Summary, etc. | Mediante Ley No. 29541 crea el distrito Constitución. Teniendo como antecedente ciudad Constitución, provincia de Oxapampa, departamento de Pasco. El texto describe y analiza las vicisitudes del proceso de formación de un asentamiento que, a pesar del escaso soporte estatal, a lo largo de sus 40 años de existencia se ha consolidado como un importante centro urbano dinamizador de la economía de la región, en gran medida gracias a una población que ha respetado los lineamientos ordenadores establecidos en el diseño original de la ciudad. |
| 600 10 - SUBJECT ADDED ENTRY--PERSONAL NAME | |
| 9 (RLIN) | 2905 |
| Personal name | Belaúnde Terry, Fernando |
| Dates associated with a name | 1912-2002 |
| 650 10 - SUBJECT ADDED ENTRY--TOPICAL TERM | |
| 9 (RLIN) | 1318 |
| Topical term or geographic name entry element | Desarrollo urbano |
| 650 20 - SUBJECT ADDED ENTRY--TOPICAL TERM | |
| 9 (RLIN) | 528 |
| Topical term or geographic name entry element | Planificación urbana |
| 650 20 - SUBJECT ADDED ENTRY--TOPICAL TERM | |
| 9 (RLIN) | 352 |
| Topical term or geographic name entry element | Carreteras |
| 651 #0 - SUBJECT ADDED ENTRY--GEOGRAPHIC NAME | |
| 9 (RLIN) | 2904 |
| Geographic name | Constitución, Pasco (Perú : Distrito) |
| 910 ## - USER-OPTION DATA (OCLC) | |
| User-option data | hfp |
| -- | hfp |
| -- | hfp |
| 942 ## - ADDED ENTRY ELEMENTS (KOHA) | |
| Source of classification or shelving scheme | Dewey Decimal Classification |
| Koha item type | Libros |
| Fecha de la última vez que lo usaron | Pago total | Signatura topográfica completa | Código de barras | Precio efectivo desde | Tipo de documento | Estado perdido | Sistema de clasificación | Estado dañado | No es para préstamo | Retirado | Ubicación permanente | Ubicación actual | Fecha de adquisición | Fuente de adquisición |
|---|---|---|---|---|---|---|---|---|---|---|---|---|---|---|
| 29/01/2025 | 711.4098523/C13 | BibLima25010059 | 29/01/2025 | Libros | Dewey Decimal Classification | Biblioteca Central Lima | Biblioteca Central Lima | 18/11/2024 | Comprado de la librería San Cristóbal |